Geography Quiz

Random Geography or World Quiz

Underwhelmed Tourists II Quiz Stats

 Plays Quiz Updated Sep 6, 2016

Challenge
Share
Tweet
Embed
Score 0/24 Timer 10:00
7 Plays Today
% Correct
London Zoo
95.4%
Big Ben
95.2%
Golden Gate Bridge
94.6%
White House
93.7%
Blarney Castle
93.3%
British Museum
93%
Pompeii
92.4%
Grand Canyon
90.9%
The Louvre
90.6%
Globe Theatre
90.6%
Venice Grand Canal
89.8%
Red Square
88.7%
% Correct
Burj Khalifa
87.4%
Disneyland
85.8%
Holy Island of Lindisfarne
84.8%
Alamo
83.6%
Valley of the Kings
82%
London Eye
81.9%
Brandenburg Gate
79.9%
Roman Baths
79.8%
Arc de Triomphe
78.2%
Panama Canal
77.2%
Old Melbourne Gaol
71.3%
HMS Belfast
65.2%

You're not logged in!

Compare scores with friends on all Sporcle quizzes.
Join for Free
OR
Log In

You Might Also Like...

Show Comments

Extras

Top Quizzes Today


Score Distribution

Your Account Isn't Verified!

In order to create a playlist on Sporcle, you need to verify the email address you used during registration. Go to your Sporcle Settings to finish the process.

Report this User

Report this user for behavior that violates our Community Guidelines.

Details: